000 00578nam a22002057a 4500
005 20180724150246.0
008 180724b xxu||||| |||| 00| 0 eng d
010 _aA-896682
020 _a8126002727
_c185.00
035 _aA-896682
037 _bBPPD/PUB
040 _adpl
_bEnglish
082 _aN
100 _aTagore, Rabindranath
245 _aGora /
_cRabindranath Tagore
260 _aNew Delhi
_bSahitya Akademi
_c1998
270 _aRebindra Bhavan, 35 Ferozeshah Road
_bNew Delhi
_e110001
300 _axxiv, 497p.
_c22cm. (Hb)
942 _2ddc
_cEN
_mTAG
_hN
999 _c154741
_d154741